000
00212nam a22000857a 4500
008
170626b xxu||||| |||| 00| 0 eng d
100
_9
3713
_a
Jha. N. K
245
_a
Democracy nation Building
260
_a
New Delhi
_c
2009
999
_c
7134
_d
7134